| 000 | 00349pab a2200145 454500 | ||
|---|---|---|---|
| 008 | 180718b1987 xxu||||| |||| 00| 0 eng d | ||
| 100 | _aPortis, E.B. | ||
| 245 | _aCharismatic leadership and cultural democracy | ||
| 260 | _c1987 | ||
| 300 | _a231-50 | ||
| 362 | _aSpring | ||
| 650 | _aLeadership | ||
| 773 | _aReview of Politics | ||
| 909 | _a12381 | ||
| 999 |
_c12381 _d12381 |
||